Design and testing of electrical machines (Record no. 23295)

000 -LEADER
fixed length control field 00477nam a22001817a 4500
001 - CONTROL NUMBER
control field 23295
003 - CONTROL NUMBER IDENTIFIER
control field BD-DhUET
008 - FIXED-LENGTH DATA ELEMENTS--GENERAL INFORMATION
fixed length control field 150503b xxu||||| |||| 00| 0 eng d
040 ## - CATALOGING SOURCE
Original cataloging agency DLC
Transcribing agency DLC
Modifying agency BD-DhUET
082 ## - DEWEY DECIMAL CLASSIFICATION NUMBER
Classification number 623.13072
Item number DES/1983
100 ## - MAIN ENTRY--PERSONAL NAME
Personal name Deshpande, M. V.
245 ## - TITLE STATEMENT
Title Design and testing of electrical machines
250 ## - EDITION STATEMENT
Edition statement 1st ed.
260 ## - PUBLICATION, DISTRIBUTION, ETC. (IMPRINT)
Place of publication, distribution, etc. Allahabad
Name of publisher, distributor, etc. Wheeler
Date of publication, distribution, etc. 1983
300 ## - PHYSICAL DESCRIPTION
Extent xvi, 516 p.
Other physical details ill.
650 #0 - SUBJECT ADDED ENTRY--TOPICAL TERM
Topical term or geographic name as entry element Electrical machinery experiments
942 ## - ADDED ENTRY ELEMENTS (KOHA)
Koha item type General Book
Holdings
Date acquired Sublocation or collection (holding branch) Location (home branch) Piece designation (barcode) Source of classification or shelving scheme Withdrawn status Not for loan Koha full call number Price effective from Shelving location Koha item type Lost status Koha date last seen Koha normalized classification for sorting Damaged status Copy number
2015-05-03Central Library, BUETCentral Library, BUET72434   623.13072/DES/19832015-05-03Circulation sectionGeneral Book 2015-05-03623_130720000000000_DES_1983 1
2015-05-03Central Library, BUETCentral Library, BUET72432   623.13072/DES/19832015-05-03Circulation sectionGeneral Book 2015-05-03623_130720000000000_DES_1983 2
2015-05-03Central Library, BUETCentral Library, BUET72431   623.13072/DES/19832015-05-03Circulation sectionGeneral Book 2016-04-11623_130720000000000_DES_1983 3
2015-05-03Central Library, BUETCentral Library, BUET72433   623.13072/DES/19832015-05-03Circulation sectionGeneral Book 2015-05-03623_130720000000000_DES_1983 4
2015-06-28Central Library, BUETCentral Library, BUET72435   623.13072/DES/19832015-06-28Reading sectionReading Item 2015-06-28623_130720000000000_DES_1983 5
2015-06-28Central Library, BUETCentral Library, BUET72683   623.13072/DES/19832015-06-28Reading sectionReading Item 2015-06-28623_130720000000000_DES_1983 6